[Event "33rd Leon Blitz Open 2020"]
[Site "chess.com INT"]
[Date "2020.07.14"]
[Round "2"]
[White "Flores Quillas, Diego Saul Rodri"]
[Black "Mohota, N."]
[Result "1-0"]
[WhiteElo "2245"]
[BlackElo "2195"]
[PlyCount "97"]
[EventDate "2020.07.14"]
[EventType "swiss (blitz)"]
[EventRounds "10"]
[SourceTitle "The Week in Chess 1341"]
[Source "Mark Crowther"]
[SourceDate "2020.07.20"]
[SourceVersion "1"]
[SourceVersionDate "2020.07.20"]
[SourceQuality "2"]

1. e4 e5 2. Nf3 Nc6 3. c3 d5 4. Qa4 dxe4 5. Nxe5 Qd5 6. Nxc6 bxc6 7. Bc4 Qd7 8.
O-O Nf6 9. d3 exd3 10. Rd1 Bd6 11. Bxd3 O-O 12. h3 Qe6 13. Nd2 Re8 14. Nf3 c5
15. Bg5 Bd7 16. Qh4 h6 17. Bxf6 Qxf6 18. Qxf6 gxf6 19. Re1 Kg7 20. Rxe8 Rxe8
21. Re1 Rb8 22. b3 Bc6 23. Nh4 Bd7 24. Bf5 Bc6 25. Bg4 a5 26. Nf5+ Kg6 27. Ne7+
Bxe7 28. Rxe7 Rb7 29. Bc8 Ra7 30. g3 a4 31. b4 cxb4 32. cxb4 Bb5 33. a3 Bc6 34.
f4 Bb5 35. Kf2 Bc6 36. g4 h5 37. Bf5+ Kg7 38. gxh5 Bb5 39. Be6 Ra8 40. Rxf7+
Kh6 41. Rxf6+ Kg7 42. Rf7+ Kh8 43. Rxc7 Rd8 44. Rc8 Rxc8 45. Bxc8 Kg7 46. Ke3
Bc4 47. Kd4 Bb3 48. b5 Kf6 49. b6 1-0

[Event "Titled Tuesday 30th June"]
[Site "chess.com INT"]
[Date "2020.06.30"]
[Round "4"]
[White "Flores Quillas, Diego Saul Rodri"]
[Black "Lazavik, Denis"]
[Result "0-1"]
[WhiteElo "2245"]
[BlackElo "2424"]
[PlyCount "54"]
[EventDate "2020.06.30"]
[EventType "swiss (blitz)"]
[EventRounds "10"]
[SourceTitle "The Week in Chess 1339"]
[Source "Mark Crowther"]
[SourceDate "2020.07.06"]
[SourceVersion "1"]
[SourceVersionDate "2020.07.06"]
[SourceQuality "2"]

1. e4 e5 2. Nf3 Nc6 3. c3 Nf6 4. d4 Nxe4 5. d5 Ne7 6. Nxe5 Ng6 7. Qe2 Qe7 8.
Qxe4 Qxe5 9. Qxe5+ Nxe5 10. f4 Ng4 11. Be2 Nf6 12. Bf3 Bc5 13. Nd2 d6 14. b4
Bb6 15. Nc4 O-O 16. a4 Re8+ 17. Kf1 a6 18. Nxb6 cxb6 19. Kf2 Bf5 20. Be3 Be4
21. Rhd1 Rac8 22. Rac1 b5 23. axb5 axb5 24. Bd4 Nxd5 25. Bxg7 Kxg7 26. Bxe4
Nxc3 27. Rd5 Nxe4+ 0-1

[Event "Titled Tuesday 30th June"]
[Site "chess.com INT"]
[Date "2020.06.30"]
[Round "2"]
[White "Prohorov, Olexandr"]
[Black "Sorensen, Hampus"]
[Result "0-1"]
[WhiteElo "2086"]
[BlackElo "2361"]
[PlyCount "116"]
[EventDate "2020.06.30"]
[EventType "swiss (blitz)"]
[EventRounds "10"]
[SourceTitle "The Week in Chess 1339"]
[Source "Mark Crowther"]
[SourceDate "2020.07.06"]
[SourceVersion "1"]
[SourceVersionDate "2020.07.06"]
[SourceQuality "2"]

1. e4 e5 2. Nf3 Nc6 3. c3 Nf6 4. d4 exd4 5. e5 Nd5 6. cxd4 Bb4+ 7. Bd2 Bxd2+ 8.
Qxd2 O-O 9. Bd3 d6 10. O-O dxe5 11. dxe5 Ndb4 12. Be4 Qxd2 13. Nbxd2 Be6 14. a3
Nd5 15. b4 Rfd8 16. Rfe1 h6 17. h3 Rd7 18. Rac1 Rad8 19. Nc4 a6 20. Ne3 Nce7
21. Kh2 Nxe3 22. Rxe3 c6 23. Rec3 Nd5 24. R3c2 Nb6 25. g4 Kf8 26. Kg3 Rd1 27.
Nh4 g6 28. f4 Rxc1 29. Rxc1 Bd5 30. Bb1 Nc4 31. a4 a5 32. bxa5 Nxa5 33. f5 g5
34. Ng2 Bxg2 35. Kxg2 Nb3 36. Re1 Nc5 37. e6 fxe6 38. fxe6 Ke7 39. Re5 Nxa4 40.
Kg3 Nc3 41. Bf5 Nd5 42. h4 b5 43. hxg5 hxg5 44. Be4 b4 45. Rxg5 Kxe6 46. Rg7
Ke5 47. Bxd5 Kxd5 48. Rb7 Kc4 49. g5 c5 50. Kf4 Kc3 51. g6 b3 52. Kf5 b2 53.
Kf6 c4 54. g7 Kc2 55. Kf7 b1=Q 56. Rxb1 Kxb1 57. g8=Q Rxg8 58. Kxg8 c3 0-1

[Event "Titled Tuesday 30th June"]
[Site "chess.com INT"]
[Date "2020.06.30"]
[Round "2"]
[White "Cagara, P."]
[Black "Perez Rodriguez, L."]
[Result "0-1"]
[WhiteElo "2054"]
[BlackElo "2324"]
[PlyCount "84"]
[EventDate "2020.06.30"]
[EventType "swiss (blitz)"]
[EventRounds "10"]
[SourceTitle "The Week in Chess 1339"]
[Source "Mark Crowther"]
[SourceDate "2020.07.06"]
[SourceVersion "1"]
[SourceVersionDate "2020.07.06"]
[SourceQuality "2"]

1. e4 e5 2. Nf3 Nc6 3. c3 Nf6 4. d4 exd4 5. e5 Nd5 6. cxd4 Bb4+ 7. Bd2 Bxd2+ 8.
Nbxd2 d6 9. Bb5 O-O 10. O-O Bg4 11. Bxc6 bxc6 12. Qc2 Qd7 13. Rac1 Nf4 14. Rfe1
Bxf3 15. Nxf3 Qg4 16. g3 Qxf3 17. gxf4 Qxf4 18. Qxc6 Qxd4 19. exd6 cxd6 20.
Rcd1 Qxb2 21. Rxd6 Qxa2 22. Rd3 Qa5 23. Rde3 Rac8 24. Qxc8 Qxe1+ 25. Rxe1 Rxc8
26. Re7 Ra8 27. Re5 a5 28. Re3 a4 29. Ra3 Kf8 30. Kg2 Ke7 31. Kf3 Kd6 32. Ke4
Kc5 33. Ke5 Kb4 34. Ra1 a3 35. Kd6 a2 36. Ke7 Ra7+ 37. Kf8 Kb3 38. Kxg7 h5 39.
Kh6 Kb2 40. Re1 a1=Q 41. Rxa1 Rxa1 42. Kxh5 Rf1 0-1

[Event "Women's Speed Chess Q5"]
[Site "chess.com INT"]
[Date "2020.06.22"]
[Round "6"]
[White "Enkhtuul, A."]
[Black "Zhuravleva, O."]
[Result "0-1"]
[WhiteElo "2228"]
[BlackElo "2278"]
[PlyCount "176"]
[EventDate "2020.06.22"]
[EventType "swiss (blitz)"]
[EventRounds "13"]
[SourceTitle "The Week in Chess 1337"]
[Source "Mark Crowther"]
[SourceDate "2020.06.22"]
[SourceVersion "1"]
[SourceVersionDate "2020.06.26"]
[SourceQuality "2"]

1. e4 e5 2. Nf3 Nc6 3. c3 d5 4. Qa4 f6 5. Bb5 Nge7 6. O-O Bg4 7. exd5 Bxf3 8.
dxc6 Bxc6 9. d4 Qd5 10. Bxc6+ Qxc6 11. Qxc6+ Nxc6 12. dxe5 Nxe5 13. Re1 O-O-O
14. Nd2 Nd3 15. Re2 Bc5 16. Ne4 Bb6 17. Be3 Rhe8 18. Bxb6 axb6 19. b3 Nf4 20.
Ree1 Nd3 21. Re2 Nf4 22. Ree1 Nd3 23. Re3 f5 24. Ng3 Rxe3 25. fxe3 g6 26. Rd1
Nc5 27. Rd4 Re8 28. Kf2 c6 29. b4 Ne6 30. Rh4 Re7 31. Ne2 Ng5 32. Ng3 Kc7 33.
Rd4 Ne6 34. Rd1 Re8 35. h4 Ra8 36. Rd2 Nf8 37. Ne2 Nd7 38. Nd4 Re8 39. Nf3 Nf6
40. Rc2 Nd5 41. c4 Nxe3 42. Re2 Ng4+ 43. Kf1 Rxe2 44. Kxe2 Kd6 45. Kd3 h6 46.
a4 Ne5+ 47. Nxe5 Kxe5 48. Ke3 g5 49. hxg5 hxg5 50. Kd3 f4 51. a5 bxa5 52. bxa5
g4 53. c5 Kd5 54. Ke2 Kxc5 55. Kd3 Kb5 56. Ke4 f3 57. gxf3 g3 58. Ke3 Kxa5 59.
f4 b5 60. f5 b4 61. f6 b3 62. f7 g2 63. Kf2 g1=Q+ 64. Kxg1 b2 65. f8=Q b1=Q+
66. Kg2 Qc2+ 67. Kf1 Qd3+ 68. Kf2 Qd2+ 69. Kf1 Qd3+ 70. Kf2 Qd4+ 71. Kf1 c5 72.
Qa8+ Kb5 73. Qb7+ Kc4 74. Qf7+ Kc3 75. Ke2 Qd3+ 76. Ke1 c4 77. Qf6+ Kc2 78.
Qf2+ Kb3 79. Qb6+ Kc3 80. Qf6+ Kc2 81. Qf2+ Kc1 82. Qf4+ Kb1 83. Qb8+ Kc2 84.
Qf4 c3 85. Qf3 Qd2+ 86. Kf1 Qd1+ 87. Qxd1+ Kxd1 88. Kf2 c2 0-1

[Event "Women's Speed Chess Q5"]
[Site "chess.com INT"]
[Date "2020.06.22"]
[Round "2"]
[White "Enkhtuul, A."]
[Black "Millard, Charlotte"]
[Result "0-1"]
[WhiteElo "2228"]
[BlackElo "1252"]
[PlyCount "42"]
[EventDate "2020.06.22"]
[EventType "swiss (blitz)"]
[EventRounds "13"]
[SourceTitle "The Week in Chess 1337"]
[Source "Mark Crowther"]
[SourceDate "2020.06.22"]
[SourceVersion "1"]
[SourceVersionDate "2020.06.26"]
[SourceQuality "2"]

1. e4 e5 2. Nf3 Nc6 3. c3 Bc5 4. d4 exd4 5. cxd4 Bb4+ 6. Nc3 d6 7. a3 Ba5 8. b4
Bb6 9. h3 Nge7 10. Be3 O-O 11. Bd3 h6 12. O-O f5 13. a4 f4 14. a5 fxe3 15. fxe3
Bxa5 16. bxa5 Be6 17. d5 Bf7 18. dxc6 Nxc6 19. Bc2 Qf6 20. Nd4 Qg6 21. Nxc6
bxc6 0-1

[Event "Titled Tuesday 16th June"]
[Site "chess.com INT"]
[Date "2020.06.16"]
[Round "6"]
[White "Flores Quillas, Diego Saul Rodri"]
[Black "Vidyarthi, Omya"]
[Result "1-0"]
[WhiteElo "2245"]
[BlackElo "1709"]
[PlyCount "71"]
[EventDate "2020.06.16"]
[EventType "swiss (blitz)"]
[EventRounds "10"]
[SourceTitle "The Week in Chess 1337"]
[Source "Mark Crowther"]
[SourceDate "2020.06.22"]
[SourceVersion "1"]
[SourceVersionDate "2020.06.26"]
[SourceQuality "2"]

1. e4 e5 2. Nf3 Nc6 3. c3 Nf6 4. d4 exd4 5. e5 Nd5 6. Qb3 Nb6 7. cxd4 d6 8. Bb5
Bd7 9. O-O Be7 10. Nc3 O-O 11. h3 a6 12. Be2 dxe5 13. dxe5 Be6 14. Qc2 Bc5 15.
Ne4 Be7 16. Neg5 g6 17. Nxe6 fxe6 18. Bh6 Rf5 19. Rad1 Nd5 20. Qe4 Bf8 21. Bc1
Qd7 22. Bc4 Nce7 23. g4 Rf7 24. Ng5 Rg7 25. Nxe6 Qxe6 26. Rxd5 Nxd5 27. Bxd5
Qxd5 28. Qxd5+ Kh8 29. Bh6 Rg8 30. Bg5 Bg7 31. Bf6 Rae8 32. Rd1 Bxf6 33. exf6
Rgf8 34. g5 h6 35. h4 hxg5 36. hxg5 1-0

[Event "Microsoft Leogaming 2020"]
[Site "chess.com INT"]
[Date "2020.06.13"]
[Round "14"]
[White "Rakhmangulova, A."]
[Black "Doluhanova, E."]
[Result "0-1"]
[WhiteElo "2191"]
[BlackElo "2229"]
[PlyCount "62"]
[EventDate "2020.06.12"]
[EventType "tourn (blitz)"]
[EventRounds "18"]
[EventCategory "3"]
[SourceTitle "Updates"]
[Source "OMCORR"]
[SourceDate "2020.11.02"]
[SourceVersion "1"]
[SourceVersionDate "2020.11.02"]
[SourceQuality "1"]

1. e4 e5 2. Nf3 Nc6 3. c3 Nf6 4. d4 exd4 5. e5 Ne4 6. Qe2 Nc5 7. cxd4 Ne6 8. d5
Ned4 9. Nxd4 Nxd4 10. Qe4 c5 11. Nc3 g6 12. h4 Bg7 13. Bg5 Qa5 14. Bf6 Bxf6 15.
exf6+ Kd8 16. Qe7+ Kc7 17. Bd3 b6 18. O-O Ba6 19. d6+ Kc8 20. Bxa6+ Qxa6 21.
Nd5 Qc4 22. Qxf7 Ne6 23. Ne7+ Kb7 24. Nxg6 hxg6 25. Qxd7+ Ka6 26. Rac1 Qxh4 27.
f3 Qd4+ 28. Rf2 Nf4 29. Qe6 Rae8 30. Qb3 Ne2+ 31. Kf1 Rh1# 0-1

[Event "Microsoft Leogaming 2020"]
[Site "chess.com INT"]
[Date "2020.06.12"]
[Round "7"]
[White "Rakhmangulova, A."]
[Black "Martynkova, Olena"]
[Result "1-0"]
[WhiteElo "2191"]
[BlackElo "2222"]
[PlyCount "107"]
[EventDate "2020.06.12"]
[EventType "tourn (blitz)"]
[EventRounds "18"]
[EventCategory "3"]
[SourceTitle "Updates"]
[Source "OMCORR"]
[SourceDate "2020.11.02"]
[SourceVersion "1"]
[SourceVersionDate "2020.11.02"]
[SourceQuality "1"]

1. e4 e5 2. Nf3 Nc6 3. c3 Nf6 4. d4 d6 5. Bb5 Bd7 6. O-O Be7 7. dxe5 dxe5 8.
Nbd2 a6 9. Bxc6 Bxc6 10. Qc2 Bd6 11. Re1 O-O 12. Nf1 Re8 13. Bg5 Re6 14. Rad1
Qe8 15. Ng3 h6 16. Bc1 Bc5 17. h3 Rd8 18. Rxd8 Qxd8 19. Nf5 Kh7 20. b4 Bb6 21.
c4 Qe8 22. c5 Ba7 23. Bb2 g6 24. Ng3 b6 25. Qc3 bxc5 26. bxc5 Nd7 27. Ba3 Qe7
28. Rc1 Rf6 29. Nh2 Rf4 30. f3 Qg5 31. Ne2 Rf6 32. Nf1 h5 33. Kh2 Re6 34. Qe3
Qxe3 35. Nxe3 Re8 36. Nd1 Rb8 37. Rc3 Rb5 38. Rd3 Nxc5 39. Rd8 Kg7 40. Ndc3 Ra5
41. Bb4 Rb5 42. Nxb5 Bxb5 43. Nc3 Bc4 44. Rc8 Ne6 45. Nd5 c5 46. Ba3 Bxa2 47.
Ne7 c4 48. Bb2 Bd4 49. Ba3 c3 50. Rg8+ Kf6 51. Nd5+ Kg5 52. g3 h4 53. Bc1+ Kh5
54. Rh8# 1-0

[Event "ch-FRA Blitz Online Qual"]
[Site "Europe-Chess INT"]
[Date "2020.05.16"]
[Round "15"]
[White "Hue, Victor"]
[Black "Le Goff, R."]
[Result "0-1"]
[WhiteElo "2038"]
[BlackElo "2267"]
[PlyCount "70"]
[EventDate "2020.05.16"]
[EventType "swiss (blitz)"]
[EventRounds "15"]
[SourceTitle "The Week in Chess 1333"]
[Source "Mark Crowther"]
[SourceDate "2020.05.25"]
[SourceVersion "1"]
[SourceVersionDate "2020.05.25"]
[SourceQuality "2"]

1. e4 e5 2. Nf3 Nc6 3. c3 Nf6 4. d4 exd4 5. e5 Nd5 6. cxd4 Bb4+ 7. Bd2 O-O 8.
Nc3 Bxc3 9. bxc3 d6 10. exd6 Qxd6 11. Bd3 Re8+ 12. Be2 Qe6 13. Kf1 Nb6 14. Bd3
Bd7 15. Bxh7+ Kh8 16. Bd3 Qg4 17. h3 Qh5 18. g4 Bxg4 19. Kg2 Be6 20. Ng5 Bd5+
21. f3 Nc4 22. Be4 Bxe4 23. Nxe4 f5 24. Ng3 Qg6 25. h4 Ne3+ 26. Bxe3 Rxe3 27.
Kf2 Rae8 28. h5 Qg5 29. h6 g6 30. d5 Ne5 31. Qd4 Rxf3+ 32. Ke2 Rxg3 33. Rae1
Qg4+ 34. Kd2 Qxd4+ 35. cxd4 Nf3+ 0-1

[Event "ch-FRA Blitz Online Qual"]
[Site "Europe-Chess INT"]
[Date "2020.05.16"]
[Round "15"]
[White "Zeller, Thomas"]
[Black "Martin, Nils"]
[Result "1-0"]
[WhiteElo "1792"]
[BlackElo "1639"]
[PlyCount "159"]
[EventDate "2020.05.16"]
[EventType "swiss (blitz)"]
[EventRounds "15"]
[SourceTitle "The Week in Chess 1333"]
[Source "Mark Crowther"]
[SourceDate "2020.05.25"]
[SourceVersion "1"]
[SourceVersionDate "2020.05.25"]
[SourceQuality "2"]

1. e4 e5 2. Nf3 Nc6 3. c3 Bc5 4. d4 exd4 5. cxd4 Bb4+ 6. Nbd2 Nf6 7. Bd3 d5 8.
e5 Nd7 9. a3 Bxd2+ 10. Bxd2 Nb6 11. O-O Be6 12. Rc1 Qd7 13. Bb5 a6 14. Bxc6
bxc6 15. Qc2 O-O 16. Qxc6 Qxc6 17. Rxc6 Rfc8 18. Rfc1 Ra7 19. b3 Bd7 20. R6c5
c6 21. Ba5 Rb7 22. Bxb6 Rxb6 23. b4 h6 24. Nd2 Rcb8 25. Nb3 R6b7 26. Na5 Rb6
27. Nxc6 Bxc6 28. Rxc6 Kf8 29. Rd6 R8b7 30. Rxd5 Ke7 31. Rdc5 Rd7 32. Rc7 Rb7
33. Rxb7 Rxb7 34. d5 Rd7 35. d6+ Ke6 36. f4 Kf5 37. g3 Ke6 38. Kf2 f6 39. exf6
gxf6 40. Rc6 a5 41. bxa5 Ra7 42. a6 Kd7 43. Rc7+ Rxc7 44. dxc7 Kxc7 45. Ke3 Kb6
46. Ke4 Kxa6 47. Kf5 Ka5 48. Kxf6 Ka4 49. Kg6 Kxa3 50. Kxh6 Kb4 51. f5 Kc5 52.
f6 Kd6 53. f7 Ke7 54. f8=Q+ Kxf8 55. g4 Kg8 56. g5 Kh8 57. g6 Kg8 58. g7 Kf7
59. Kh7 Ke7 60. g8=Q Kf6 61. Qg7+ Kf5 62. Qg6+ Ke5 63. Qf7 Ke4 64. Qf6 Kd5 65.
Qe7 Kd4 66. Qe6 Kd3 67. Qe5 Kd2 68. Qe4 Kd1 69. Qe3 Kc2 70. Qd4 Kc1 71. Qd3 Kb2
72. Qc4 Kb1 73. Qc3 Ka2 74. Qb4 Ka1 75. Kg6 Ka2 76. Kf5 Ka1 77. Ke4 Ka2 78. Kd3
Ka1 79. Kc2 Ka2 80. Qb2# 1-0

[Event "ch-FRA Blitz Online Qual"]
[Site "Europe-Chess INT"]
[Date "2020.05.16"]
[Round "11"]
[White "Serieys, Philippe"]
[Black "Dincov, Matei"]
[Result "1-0"]
[WhiteElo "1210"]
[BlackElo "1714"]
[PlyCount "51"]
[EventDate "2020.05.16"]
[EventType "swiss (blitz)"]
[EventRounds "15"]
[SourceTitle "The Week in Chess 1333"]
[Source "Mark Crowther"]
[SourceDate "2020.05.25"]
[SourceVersion "1"]
[SourceVersionDate "2020.05.25"]
[SourceQuality "2"]

1. e4 e5 2. Nf3 Nc6 3. c3 Nf6 4. d3 Bc5 5. Be2 d6 6. O-O O-O 7. Nbd2 Ne7 8. a3
Ng6 9. b4 Bb6 10. a4 a6 11. a5 Ba7 12. Ne1 Nf4 13. Bf3 Re8 14. g3 Nh3+ 15. Kh1
Nxf2+ 16. Kg2 Bh3+ 17. Kg1 Nxd1+ 18. Rf2 Nxf2 19. d4 N2g4 20. Bxg4 Bxg4 21. Kg2
exd4 22. cxd4 Bxd4 23. Nef3 Bxa1 24. h3 Bxf3+ 25. Nxf3 Rxe4 26. Bg5 1-0

[Event "ch-FRA Blitz Online Qual"]
[Site "Europe-Chess INT"]
[Date "2020.05.16"]
[Round "11"]
[White "Zeller, Thomas"]
[Black "Maugenest, Ghislain"]
[Result "1-0"]
[WhiteElo "1792"]
[BlackElo "2013"]
[PlyCount "61"]
[EventDate "2020.05.16"]
[EventType "swiss (blitz)"]
[EventRounds "15"]
[SourceTitle "The Week in Chess 1333"]
[Source "Mark Crowther"]
[SourceDate "2020.05.25"]
[SourceVersion "1"]
[SourceVersionDate "2020.05.25"]
[SourceQuality "2"]

1. e4 e5 2. Nf3 Nc6 3. c3 d5 4. Qa4 Bd7 5. Bb5 a6 6. Bxc6 Bxc6 7. Qb3 Bd6 8.
exd5 Bd7 9. O-O f5 10. Re1 Qf6 11. Qxb7 Rd8 12. d4 e4 13. Bg5 Qg6 14. Bxd8 Kxd8
15. Ne5 Qh5 16. Nd2 Nf6 17. Ndc4 Ke7 18. Nxd6 cxd6 19. Nxd7 Nxd7 20. f3 Rb8 21.
Qxa6 Rxb2 22. fxe4 Qg4 23. exf5+ Kf7 24. Qf1 Nf6 25. Rab1 Rxa2 26. Rb7+ Kf8 27.
Qf3 Qh4 28. Qe3 Ne4 29. Qxe4 Qf2+ 30. Kh1 Re2 31. Qxe2 1-0

[Event "ch-FRA Blitz Online Qual"]
[Site "Europe-Chess INT"]
[Date "2020.05.16"]
[Round "10"]
[White "Berger, Justin"]
[Black "Vanneste, Axel"]
[Result "0-1"]
[WhiteElo "1735"]
[BlackElo "1413"]
[PlyCount "60"]
[EventDate "2020.05.16"]
[EventType "swiss (blitz)"]
[EventRounds "15"]
[SourceTitle "The Week in Chess 1333"]
[Source "Mark Crowther"]
[SourceDate "2020.05.25"]
[SourceVersion "1"]
[SourceVersionDate "2020.05.25"]
[SourceQuality "2"]

1. e4 e5 2. Nf3 Nc6 3. c3 Nf6 4. d4 exd4 5. e5 Qe7 6. cxd4 Nd5 7. Bc4 Nb6 8.
Bb3 Na5 9. O-O Nxb3 10. Qxb3 Qe6 11. d5 Qxd5 12. Qxd5 Nxd5 13. Nc3 Nxc3 14.
bxc3 Bc5 15. Bb2 O-O 16. c4 d6 17. exd6 Bxd6 18. Bd4 Bg4 19. Nd2 Rfe8 20. f3
Bh5 21. Ne4 Rad8 22. Bf2 Bb4 23. Rab1 c5 24. Rb3 b6 25. a3 Ba5 26. Bh4 Rd4 27.
Ng3 Bg6 28. f4 Rxc4 29. Bg5 f6 30. Bh4 Bf7 0-1

[Event "ch-FRA Blitz Online Qual"]
[Site "Europe-Chess INT"]
[Date "2020.05.16"]
[Round "7"]
[White "Zeller, Thomas"]
[Black "Drieu, Hugo"]
[Result "1-0"]
[WhiteElo "1792"]
[BlackElo "1425"]
[PlyCount "115"]
[EventDate "2020.05.16"]
[EventType "swiss (blitz)"]
[EventRounds "15"]
[SourceTitle "The Week in Chess 1333"]
[Source "Mark Crowther"]
[SourceDate "2020.05.25"]
[SourceVersion "1"]
[SourceVersionDate "2020.05.25"]
[SourceQuality "2"]

1. e4 e5 2. Nf3 Nc6 3. c3 Nf6 4. d4 Nxe4 5. d5 Ne7 6. Nxe5 d6 7. Bb5+ c6 8.
dxc6 bxc6 9. Nxc6 Qb6 10. Nd4+ Bd7 11. Bxd7+ Kxd7 12. O-O d5 13. Nd2 Nc6 14.
Nxe4 Nxd4 15. Be3 dxe4 16. Bxd4 Qd6 17. Qg4+ Qe6 18. Qxe6+ Kxe6 19. Rfe1 f5 20.
f3 Kd5 21. fxe4+ fxe4 22. Rad1 Bc5 23. Bxc5+ Kxc5 24. Rxe4 Rhe8 25. Rxe8 Rxe8
26. Kf2 Rb8 27. b3 Rf8+ 28. Kg3 Rf7 29. Rd8 Kc6 30. Rd4 h5 31. Rf4 Re7 32. Rf5
g6 33. Rf6+ Kc5 34. Rxg6 Re3+ 35. Kf2 Rxc3 36. Rg5+ Kb4 37. Rxh5 Rc2+ 38. Kf3
Rxa2 39. g4 Kxb3 40. g5 Ra6 41. Rh6 Ra5 42. g6 Rg5 43. h4 Rg1 44. h5 a5 45. Rh7
a4 46. Rb7+ Kc3 47. Ra7 Kb3 48. g7 a3 49. h6 a2 50. Kf4 Rf1+ 51. Ke5 Re1+ 52.
Kf6 Rf1+ 53. Kg6 Rg1+ 54. Kh7 a1=Q 55. Rxa1 Rxa1 56. g8=Q+ Kc2 57. Qc4+ Kd2 58.
Qd4+ 1-0

[Event "ch-FRA Blitz Online Qual"]
[Site "Europe-Chess INT"]
[Date "2020.05.16"]
[Round "6"]
[White "Berger, Justin"]
[Black "Sabapathee, Florian"]
[Result "1-0"]
[WhiteElo "1735"]
[BlackElo "1444"]
[PlyCount "53"]
[EventDate "2020.05.16"]
[EventType "swiss (blitz)"]
[EventRounds "15"]
[SourceTitle "The Week in Chess 1333"]
[Source "Mark Crowther"]
[SourceDate "2020.05.25"]
[SourceVersion "1"]
[SourceVersionDate "2020.05.25"]
[SourceQuality "2"]

1. e4 e5 2. Nf3 Nc6 3. c3 d5 4. Qa4 Bd7 5. exd5 Nd4 6. Qd1 Nxf3+ 7. Qxf3 Nf6 8.
Bc4 Bd6 9. d3 O-O 10. Bg5 h6 11. Bxf6 Qxf6 12. Qxf6 gxf6 13. Nd2 b5 14. Bb3 a5
15. a4 bxa4 16. Bxa4 Bxa4 17. Rxa4 Rfd8 18. O-O Bc5 19. Ne4 Kg7 20. Nxc5 Rxd5
21. d4 exd4 22. cxd4 Rxd4 23. Rxd4 Re8 24. Rg4+ Kh7 25. Nd7 Re2 26. Nxf6+ Kh8
27. Rg8# 1-0

[Event "ch-FRA Blitz Online Qual"]
[Site "Europe-Chess INT"]
[Date "2020.05.16"]
[Round "4"]
[White "Hutois, M."]
[Black "Leccia, Antoine"]
[Result "1-0"]
[WhiteElo "2261"]
[BlackElo "1950"]
[PlyCount "81"]
[EventDate "2020.05.16"]
[EventType "swiss (blitz)"]
[EventRounds "15"]
[SourceTitle "The Week in Chess 1333"]
[Source "Mark Crowther"]
[SourceDate "2020.05.25"]
[SourceVersion "1"]
[SourceVersionDate "2020.05.25"]
[SourceQuality "2"]

1. e4 e5 2. Nf3 Nc6 3. c3 d5 4. Qa4 dxe4 5. Nxe5 Bd7 6. Nxd7 Qxd7 7. Qxe4+ Be7
8. Bb5 Nf6 9. Bxc6 Nxe4 10. Bxd7+ Kxd7 11. O-O Rad8 12. d4 Bd6 13. Nd2 Nxd2 14.
Bxd2 Rhe8 15. Rae1 c6 16. g3 Re7 17. Rxe7+ Bxe7 18. Re1 Bd6 19. f4 f5 20. Kf2
Re8 21. Rxe8 Kxe8 22. Ke3 Kf7 23. c4 Ke6 24. Kd3 g6 25. Ba5 b6 26. Bc3 Be7 27.
a3 g5 28. fxg5 Bxg5 29. Bd2 Bf6 30. Bf4 a6 31. b4 b5 32. Bc7 Bg5 33. Bf4 Bf6
34. Bd2 Bd8 35. Bc3 Bg5 36. a4 Be7 37. d5+ cxd5 38. cxb5 axb5 39. a5 Bd8 40. a6
Bb6 41. Bd4 1-0

[Event "ch-FRA Blitz Online Qual"]
[Site "Europe-Chess INT"]
[Date "2020.05.16"]
[Round "3"]
[White "Serieys, Philippe"]
[Black "Zanin, Sylvie"]
[Result "1-0"]
[WhiteElo "1210"]
[BlackElo "1001"]
[PlyCount "75"]
[EventDate "2020.05.16"]
[EventType "swiss (blitz)"]
[EventRounds "15"]
[SourceTitle "The Week in Chess 1333"]
[Source "Mark Crowther"]
[SourceDate "2020.05.25"]
[SourceVersion "1"]
[SourceVersionDate "2020.05.25"]
[SourceQuality "2"]

1. e4 e5 2. Nf3 Nc6 3. c3 Nf6 4. d3 d6 5. c4 Bg4 6. Be2 Be7 7. O-O Qd7 8. a3
Nd4 9. Nxd4 Bxe2 10. Nxe2 O-O-O 11. Nbc3 Ng4 12. Ng3 g6 13. Nd5 Bh4 14. b4 Rdf8
15. c5 dxc5 16. bxc5 c6 17. Ne3 Nh6 18. Nc4 f5 19. Bxh6 Rf7 20. Bc1 f4 21. Nxe5
Qe6 22. Nxf7 Qxf7 23. Ne2 f3 24. Ng3 fxg2 25. Kxg2 Be7 26. d4 h5 27. Qf3 Qe6
28. Be3 h4 29. Ne2 h3+ 30. Kh1 g5 31. Ng3 g4 32. Qf5 Qxf5 33. Nxf5 Bd8 34. Bf4
Re8 35. e5 Rf8 36. Nd6+ Kc7 37. Bg3 b6 38. Rab1 1-0

[Event "English Online Blitz Gp2"]
[Site "chess.com INT"]
[Date "2020.05.09"]
[Round "5"]
[White "Alcock, Graham P"]
[Black "Ashworth, Robert"]
[Result "1-0"]
[WhiteElo "1736"]
[BlackElo "1577"]
[PlyCount "61"]
[EventDate "2020.05.09"]
[EventType "swiss (blitz)"]
[EventRounds "11"]
[SourceTitle "The Week in Chess 1332"]
[Source "Mark Crowther"]
[SourceDate "2020.05.18"]
[SourceVersion "2"]
[SourceVersionDate "2020.05.19"]
[SourceQuality "2"]

1. e4 e5 2. Nf3 Nc6 3. c3 Nf6 4. d4 Nxe4 5. d5 Ne7 6. Nxe5 Ng6 7. Nxg6 hxg6 8.
Bd3 Nf6 9. Bg5 Be7 10. c4 d6 11. Nc3 Nxd5 12. Nxd5 Bxg5 13. Qe2+ Be6 14. O-O
Qd7 15. f4 Bf6 16. f5 gxf5 17. Bxf5 O-O-O 18. Bxe6 fxe6 19. Nxf6 gxf6 20. Rxf6
Rde8 21. Re1 e5 22. Qf2 Qh7 23. h3 Reg8 24. Re3 Qb1+ 25. Kh2 Qc1 26. Ref3 Qg5
27. Rf7 e4 28. R3f5 Qg6 29. g4 Re8 30. Qxa7 c6 31. Qa8# 1-0

[Event "36th ChessOrg Open"]
[Site "Bad Woerishofen GER"]
[Date "2020.03.07"]
[Round "2.43"]
[White "Oparaugo, T."]
[Black "Hoeller, A."]
[Result "0-1"]
[WhiteElo "2039"]
[BlackElo "1979"]
[PlyCount "42"]
[EventDate "2020.03.06"]
[EventType "swiss"]
[EventRounds "9"]
[EventCountry "GER"]
[SourceTitle "The Week in Chess 1324"]
[Source "Mark Crowther"]
[SourceDate "2020.03.23"]
[SourceVersion "1"]
[SourceVersionDate "2020.03.23"]
[SourceQuality "2"]

1. e4 e5 2. Nf3 Nc6 3. c3 Nf6 4. d4 Nxe4 5. d5 Ne7 6. Nxe5 Ng6 7. Bd3 Nxe5 8.
Bxe4 Bc5 9. O-O d6 10. Qh5 Bg4 11. Qg5 Qd7 12. h3 f5 13. Bc2 h6 14. Qh4 Bf3 15.
Re1 Bxd5 16. Bf4 g5 17. Bxg5 Qg7 18. Qh5+ Kf8 19. Bxf5 hxg5 20. Qe2 Qf6 21. Qc2
Rh4 0-1

[Event "TCh-SVK 2019-20"]
[Site "Slovakia SVK"]
[Date "2020.02.29"]
[Round "7.3"]
[White "Csonka, A1."]
[Black "Mikrut, D."]
[Result "0-1"]
[WhiteElo "2348"]
[BlackElo "2382"]
[PlyCount "48"]
[EventDate "2019.10.19"]
[EventType "team"]
[EventRounds "11"]
[EventCountry "SVK"]
[SourceTitle "The Week in Chess 1321"]
[Source "Mark Crowther"]
[SourceDate "2020.03.02"]
[SourceVersion "1"]
[SourceVersionDate "2020.03.02"]
[SourceQuality "2"]

1. e4 e5 2. Nf3 Nc6 3. c3 Nf6 4. d4 Nxe4 5. d5 Bc5 6. dxc6 Bxf2+ 7. Ke2 Bb6 8.
Qd5 Nf2 9. cxb7 Bxb7 10. Qxb7 Nxh1 11. Bg5 f6 12. Be3 Bxe3 13. Kxe3 Rb8 14. Qa6
O-O 15. Bc4+ Kh8 16. Nbd2 d5 17. Rxh1 dxc4 18. Nxc4 e4 19. Nd4 c5 20. Nf5 Qd3+
21. Kf4 Rxb2 22. Nfe3 g5+ 23. Kg4 Rxg2+ 24. Kf5 Rf2+ 0-1